Statystyki dla Polacy w Premier Liga(Liga Rosyjska) sezon 2019/2020

Kliknij tutaj aby rozwiązać quiz!

Ogólne statystyki

  • Ten quiz został rozwiązany 365 razy
  • Średni wynik to 4 z 6

Statystyki odpowiedzi

KlubPozycjaZawodnik% Poprawnych
Lokomotiv MoskwaPomocnikGrzegorz Krychowiak
99%
Lokomotiv MoskwaObrońcaMaciej Rybus
95%
Dynamo MoskwaPomocnikSebastian Szymański
73%
Ural JekaterynburgPomocnikMichał Kucharczyk
37%
Ural JekaterynburgPomocnikRafał Augustyniak
29%
Ural JekaterynburgObrońcaMaciej Wilusz
26%

Rozkład punktacji

Percentyl według liczby udzielonych odpowiedzi

Procent ludzi z każdym wynikiem

Twoja historia wyników

Nie rozwiązałeś tego quizu